| 000 | 00765 a2200181 4500 | ||
|---|---|---|---|
| 003 | Nust | ||
| 005 | 20221118083730.0 | ||
| 020 | _a812390441x | ||
| 040 | _cNust | ||
| 082 | _a621.38,NAT | ||
| 100 |
_aNatesan,v.c _9102995 |
||
| 245 |
_aParker Smith's 500 solutions of problems in Electrical engineering / _cV.C Natesan |
||
| 260 |
_aNew delhi _bCBS Pub.& Distributers _c1996 |
||
| 300 | _a394p | ||
| 505 | _aConversions (Page-1), Electric Fields (Page-26), Magnetic Fields (Page-49), Electrochemistry and Batteries (Page-86), Resistance and D.C. Circuits (Page-97), A. C. Circuits (Page-137), Three Phase Circuits (Page-216), Networks (Page-252), Alternating Quantities (Page-310) Transients (Page-362) . | ||
| 650 | _aElectrical engineering | ||
| 942 |
_2ddc _cBK |
||
| 999 |
_c188277 _d188277 |
||